| 000 | 00723nam a2200229Ia 4500 | ||
|---|---|---|---|
| 003 | OSt | ||
| 005 | 20230525152314.0 | ||
| 008 | 210423s2009 xx 000 0 und d | ||
| 020 | _a978-3-540-77754-0 | ||
| 040 | _cAL | ||
| 041 | _aeng | ||
| 082 |
_a611.018 _223 _b MEYF |
||
| 100 |
_aMEYER (Ulrich);MEYER (Thomas);HANDSCHEL (Jorg);WIESMANN (Hans Peter) _9114040 |
||
| 245 | _aFundamentals of tissue engineering and regenerative medicine | ||
| 260 |
_aNew York _bSpringer Pvt Ltd _c2009 |
||
| 300 |
_axxvi,1049 _bHB |
||
| 365 |
_b10256.21 _cEUR |
||
| 650 |
_aHuman Anatomy _9114041 |
||
| 650 |
_aMedical Sciences _9114042 |
||
| 906 | _aengineering ; Fundamentals ; medicine ; regenerative ; tissue | ||
| 942 |
_2ddc _cBK |
||
| 999 |
_c167345 _d167345 |
||